| 000 | 00908cam a22003017a 4500 | ||
|---|---|---|---|
| 003 | CHAP | ||
| 005 | 20220329133314.0 | ||
| 008 | 971013s1975 r 00010 d | ||
| 010 | _a4638 | ||
| 011 | _a5610 | ||
| 035 | _a4824 | ||
| 040 | _cCHAP | ||
| 090 | _aFolleto 13527 | ||
| 110 |
_aBanco Nacional de Crédito Rural, S. A. México _99882 |
||
| 245 | 1 | 3 | _aLa estructura de las operaciones crediticias |
| 260 |
_aMéxico, D. F. : _bEl Banco, _c1975 |
||
| 300 | _a17 h. | ||
| 500 | _a54-16 | ||
| 590 |
_aBATCH-UPD _b10 _c20130110 _lUCH01 _h1845 |
||
| 590 |
_aBATCH-UPD _b10 _c20130410 _lUCH01 _h1215 |
||
| 590 |
_aBATCH-UPD _b10 _c20130914 _lUCH01 _h0531 |
||
| 590 |
_aCONVERSION _b10 _c20130109 _lUCH01 _h1304 |
||
| 650 | 1 | 4 |
_aBancos agrícolas _xMéxico. _99903 |
| 650 | 1 | 4 |
_aCrédito agrícola _zMéxico. _929089 |
| 901 | _aBK | ||
| 942 | _cFOLL | ||
| 949 |
_aFolleto 13527 _bBC _cFOLL _d-14387 _eTS1 _i4824 _si |
||
| 999 |
_c4638 _d4638 |
||